Statistics for Cities in New Zealand by Airport Code

Click here to take the quiz!

General Stats

  • This quiz has been taken 17 times
    (16 since last reset)
  • The average score is 11 of 16

Answer Stats

CodeCity% Correct
AKLAuckland
100%
CHCChristchurch
100%
WLGWellington
100%
DUDDunedin
88%
ROTRotorua
88%
HMZHamilton
81%
NSNNelson
75%
IVCInvercargill
69%
NPENapier
69%
GISGisborne
63%
PMRPalmerston North
63%
ZQNQueenstown
56%
TRGTauranga
50%
NPLNew Plymouth
44%
TUOTaupo
44%
WREWhangarei
44%

Score Distribution

Percentile by Number Answered

Percent of People with Each Score

Your Score History

You have not taken this quiz since the last reset